000 00834nam a2200265 a 4500
001 52576
003 BD-RjUL
005 20211209075829.0
008 160922r19591946nyua 001 0 eng d
035 _a(BD-RjUL)52696
040 _aIWS
_cIWS
_dOCL
_dGUA
_dEQO
_dBD-RjUL
_beng
041 _aeng
082 _223
_a530
_bSCS 1959
100 1 _aSchaum, Daniel.
_9156223
245 1 0 _aSchaum's outline of theory and problems of college physics /
_cby Daniel Schaum ; edited by Carel W. van der Merwe.
250 _a5th ed.
260 _aNew York :
_bMcGraw-Hill,
_c1946, [reprint 1959]
300 _a204 p. :
_bill. ;
_c28 cm.
490 0 _aSchaum's outline series
500 _aIncludes index.
650 0 _aPhysics
_9156224
740 0 1 _aTheory and problems of college physics.
740 0 1 _aCollege physics.
942 _2ddc
_cBK
999 _c52576
_d52576